| 000 | 00898cam a2200289 a 4500 | ||
|---|---|---|---|
| 001 | 14189182 | ||
| 003 | OSt | ||
| 005 | 20260410151349.0 | ||
| 008 | 051204s2005 ii b 001 0 eng | ||
| 010 | _a 2005388670 | ||
| 020 |
_a8187891424 _qjacket |
||
| 020 |
_a9788187891420 _q(jacket) |
||
| 025 | _aI-E-2005-388670; 07; 88-90 | ||
| 035 | _a14189182 | ||
| 037 |
_bLibrary of Congress -- New Delhi Overseas Office _cRs675.00 ($30.00 U.S.) |
||
| 040 |
_aDLC _cDLC _dDLC |
||
| 042 | _alcode | ||
| 043 | _aa-ii--- | ||
| 050 | 0 | 0 |
_aBL1280.2 _b.S46 2005 |
| 082 | _a294.56 P5 | ||
| 100 | 1 |
_aSen, Anindya, _91234687 |
|
| 245 | 1 | 0 |
_aRamakrishna Mission and community service in Eastern India (1922-1962) : _ba qualitative and quantitative analysis / _cAnindya Sen. |
| 260 |
_aKolkota : _bReaders Service, _c2005. |
||
| 300 | _axxv, 400 p. | ||
| 942 |
_2CC _cTEXL _n0 |
||
| 999 |
_c1848238 _d1848238 |
||